| 000 | 00513cam a2200181 4500 | ||
|---|---|---|---|
| 001 | J112271 | ||
| 008 | 000000n1989 000 0 eng u | ||
| 035 | _a(Sirsi) u112271 | ||
| 110 |
_aInstitute of Building Control _93341 |
||
| 245 | _aBuilding Control Handbook | ||
| 260 |
_aEpsom _bIBC _c1989 |
||
| 300 | _a86p. ; 28cm. | ||
| 650 | _aINSTITUTE OF BUILDING CONTROL | ||
| 650 | _aIBC | ||
| 650 | _aPROFESSIONAL ASSOCIATIONS | ||
| 690 | _aMANAGEMENT-BUSINESS MANAGEMENT-PROFESSIONAL PRACTICE | ||
| 942 | _n0 | ||
| 999 |
_c101382 _d101382 |
||